| 000 | 00874cam a2200277 a 4500 | ||
|---|---|---|---|
| 001 | 57966 | ||
| 003 | CO-BoRNBP | ||
| 005 | 20250813205303.0 | ||
| 007 | ta | ||
| 008 | 090114s2000 cl a jr 000 0 spa | ||
| 020 | _a8420458465 | ||
| 040 |
_aCO-BoBN _bspa _cCO-BoBN |
||
| 082 | 0 | 4 |
_aCh863.5 _221 |
| 100 | 1 |
_aRío, Ana María del Rio _962146 |
|
| 245 | 1 | 3 |
_aLa historia de Manú / _cAna María del Río ; ilustraciones de Carmen Cardemil |
| 250 | _a1a. edición | ||
| 300 |
_a31 p. : _bil. ; _c29 cm |
||
| 336 |
_2rdacontent _atexto _btxt |
||
| 337 |
_2rdamedia _asin mediación _bn |
||
| 338 |
_2rdacarrier _avolumen _bnc |
||
| 650 | 1 | 4 |
_aCuentos infantiles chilenos _2LEMB _9756 |
| 650 | 1 | 4 |
_aDerechos del niño _xLiteratura infantil _2LEMB _962143 |
| 650 | 2 | 4 |
_aLiteratura infantil chilena _2LEMB _9757 |
| 700 | 1 |
_aCardemil, Carmen, _eilustrador _960481 |
|
| 942 |
_2ddc _cBK |
||
| 999 |
_c57966 _d57966 |
||